[Event "Irena Warakomska Memorial A"]
[Site "Suwalki"]
[Date "2018.08.02"]
[Round "2"]
[White "Dzhuguryan, Tygran"]
[Black "Koziak, Vitali"]
[Result "1/2-1/2"]
[Board "22"]
[WhiteElo "2178"]
[WhiteCountry "POL"]
[WhiteFideId "21872988"]
[WhiteEloChange "7"]
[BlackElo "2473"]
[BlackTitle "IM"]
[BlackCountry "UKR"]
[BlackFideId "14102234"]
[BlackEloChange "-3"]

1. d4 {[%clk 1:30:56]} d5 {[%clk 1:28:31]} 2. c4 {[%clk 1:31:09]} e6 {[%clk
1:28:53]} 3. cxd5 {[%clk 1:31:02]} exd5 {[%clk 1:29:10]} 4. Nc3 {[%clk 1:31:26]}
c6 {[%clk 1:28:11]} 5. Bf4 {[%clk 1:31:42]} Qb6 {[%clk 1:25:28]} 6. Qd2 {[%clk
1:32:05]} Nf6 {[%clk 1:25:35]} 7. f3 {[%clk 1:32:17]} Bf5 {[%clk 1:24:06]} 8. g4
{[%clk 1:32:03]} Be6 {[%clk 1:22:55]} 9. e3 {[%clk 1:31:33]} Nbd7 {[%clk
1:20:56]} 10. Rc1 {[%clk 1:16:58]} Be7 {[%clk 1:17:30]} 11. Bd3 {[%clk 1:17:00]}
O-O {[%clk 1:17:18]} 12. Nge2 {[%clk 1:16:35]} Rfc8 {[%clk 1:16:51]} 13. Kf2
{[%clk 1:04:28]} Qd8 {[%clk 1:13:21]} 14. Kg2 {[%clk 1:04:33]} c5 {[%clk
1:10:36]} 15. Bb1 {[%clk 0:55:46]} Nf8 {[%clk 1:07:24]} 16. dxc5 {[%clk 0:47:34]}
Rxc5 {[%clk 1:03:10]} 17. Na4 {[%clk 0:47:24]} Rxc1 {[%clk 0:54:19]} 18. Rxc1
{[%clk 0:47:48]} Rc8 {[%clk 0:54:41]} 19. Rxc8 {[%clk 0:35:51]} Qxc8 {[%clk
0:54:10]} 20. Qc2 {[%clk 0:36:05]} Qc4 {[%clk 0:45:53]} 21. b3 {[%clk 0:32:24]}
Qxc2 {[%clk 0:37:37]} 22. Bxc2 {[%clk 0:32:20]} N8d7 {[%clk 0:37:35]} 23. Nd4
{[%clk 0:32:01]} a6 {[%clk 0:36:20]} 24. Nb2 {[%clk 0:30:27]} g6 {[%clk 0:35:17]}
25. Nd3 {[%clk 0:30:35]} Kf8 {[%clk 0:33:18]} 26. Ne5 {[%clk 0:24:40]} Ke8 {[%clk
0:29:02]} 27. Kf1 {[%clk 0:24:31]} Nxe5 {[%clk 0:27:44]} 28. Bxe5 {[%clk
0:24:58]} Nd7 {[%clk 0:25:46]} 29. Bc7 {[%clk 0:24:28]} Nc5 {[%clk 0:24:41]} 30.
b4 {[%clk 0:23:37]} Nd7 {[%clk 0:23:42]} 31. a3 {[%clk 0:24:02]} Bf6 {[%clk
0:23:52]} 32. Ke2 {[%clk 0:22:41]} Ne5 {[%clk 0:18:24]} 33. g5 {[%clk 0:19:01]}
Bg7 {[%clk 0:17:53]} 34. Bxe5 {[%clk 0:16:41]} Bxe5 {[%clk 0:18:17]} 35. f4
{[%clk 0:17:07]} Bxd4 {[%clk 0:15:37]} 36. exd4 {[%clk 0:17:35]} f5 {[%clk
0:15:30]} 37. a4 {[%clk 0:17:18]} b5 {[%clk 0:14:45]} 38. axb5 {[%clk 0:17:36]}
axb5 {[%clk 0:15:11]} 39. Bd3 {[%clk 0:17:44]} Bd7 {[%clk 0:15:33]} 40. h4 {[%clk
0:47:51]} Ke7 {[%clk 0:45:58]} 41. Kf3 {[%clk 0:48:04]} Kd6 {[%clk 0:46:14]}
1/2-1/2

[Event "Irena Warakomska Memorial A"]
[Site "Suwalki"]
[Date "2018.08.02"]
[Round "2"]
[White "Paprocki, Jaroslaw"]
[Black "Kashlinskaya, Alina"]
[Result "1/2-1/2"]
[Board "23"]
[WhiteElo "2143"]
[WhiteCountry "POL"]
[WhiteFideId "1122274"]
[WhiteEloChange "7"]
[BlackElo "2435"]
[BlackTitle "IM"]
[BlackCountry "RUS"]
[BlackFideId "4198026"]
[BlackEloChange "-3"]

1. b3 {[%clk 1:30:57]} d5 {[%clk 1:28:49]} 2. Bb2 {[%clk 1:31:17]} Bg4 {[%clk
1:27:04]} 3. g3 {[%clk 1:23:15]} Nd7 {[%clk 1:24:19]} 4. Bg2 {[%clk 1:21:39]} c6
{[%clk 1:21:05]} 5. Nf3 {[%clk 1:14:07]} Ngf6 {[%clk 1:20:34]} 6. d3 {[%clk
1:12:42]} Bxf3 {[%clk 1:10:16]} 7. Bxf3 {[%clk 1:12:36]} e5 {[%clk 1:10:41]} 8.
e3 {[%clk 1:09:44]} Qa5+ {[%clk 1:04:58]} 9. Nd2 {[%clk 1:03:15]} Ba3 {[%clk
1:05:00]} 10. Qc1 {[%clk 1:02:12]} Bxb2 {[%clk 1:03:14]} 11. Qxb2 {[%clk
1:02:38]} O-O {[%clk 1:03:19]} 12. b4 {[%clk 1:00:30]} Qb6 {[%clk 0:59:58]} 13.
O-O {[%clk 0:52:39]} a5 {[%clk 0:59:25]} 14. a3 {[%clk 0:53:00]} Rfe8 {[%clk
0:58:54]} 15. Rfb1 {[%clk 0:51:38]} e4 {[%clk 0:49:47]} 16. Bg2 {[%clk 0:45:03]}
exd3 {[%clk 0:38:18]} 17. cxd3 {[%clk 0:45:20]} axb4 {[%clk 0:36:16]} 18. Qxb4
{[%clk 0:40:28]} Qa6 {[%clk 0:36:17]} 19. d4 {[%clk 0:35:43]} b6 {[%clk 0:32:07]}
20. Bf1 {[%clk 0:33:22]} Qa7 {[%clk 0:32:12]} 21. Qc3 {[%clk 0:31:16]} Qc7 {[%clk
0:29:59]} 22. Rc1 {[%clk 0:29:23]} Re6 {[%clk 0:29:31]} 23. a4 {[%clk 0:26:05]}
h5 {[%clk 0:29:00]} 24. Bd3 {[%clk 0:23:35]} g6 {[%clk 0:27:01]} 25. a5 {[%clk
0:17:38]} bxa5 {[%clk 0:26:33]} 26. Nb3 {[%clk 0:17:45]} a4 {[%clk 0:25:15]} 27.
Qb4 {[%clk 0:12:14]} Qa7 {[%clk 0:24:37]} 28. Nc5 {[%clk 0:09:55]} Nxc5 {[%clk
0:23:50]} 29. Rxc5 {[%clk 0:09:58]} Nd7 {[%clk 0:21:54]} 30. Rc2 {[%clk 0:09:10]}
Kg7 {[%clk 0:09:43]} 31. Rca2 {[%clk 0:07:46]} c5 {[%clk 0:08:36]} 32. dxc5
{[%clk 0:05:18]} Nxc5 {[%clk 0:04:39]} 33. Qd4+ {[%clk 0:05:34]} Kg8 {[%clk
0:04:51]} 34. Qxd5 {[%clk 0:04:57]} Nxd3 {[%clk 0:03:59]} 35. Rxa4 {[%clk
0:02:31]} Qxa4 {[%clk 0:04:18]} 36. Rxa4 {[%clk 0:02:53]} Rxa4 {[%clk 0:04:43]}
37. Qxd3 {[%clk 0:03:10]} Ra1+ {[%clk 0:03:20]} 38. Kg2 {[%clk 0:03:37]} Ra2
{[%clk 0:03:35]} 39. Qd4 {[%clk 0:03:37]} Raa6 {[%clk 0:02:36]} 40. h3 {[%clk
0:32:38]} 1/2-1/2

[Event "Irena Warakomska Memorial A"]
[Site "Suwalki"]
[Date "2018.08.02"]
[Round "2"]
[White "Fus, Jakub"]
[Black "Grib, Roman"]
[Result "1/2-1/2"]
[Board "24"]
[WhiteElo "2195"]
[WhiteCountry "POL"]
[WhiteFideId "1193023"]
[WhiteEloChange "6"]
[BlackElo "2445"]
[BlackTitle "IM"]
[BlackCountry "BLR"]
[BlackFideId "13506706"]
[BlackEloChange "-3"]

1. e4 {[%clk 1:30:54]} c5 {[%clk 1:30:40]} 2. Nf3 {[%clk 1:31:11]} Nc6 {[%clk
1:30:53]} 3. Bb5 {[%clk 1:31:22]} Nf6 {[%clk 1:29:53]} 4. Bxc6 {[%clk 1:30:10]}
dxc6 {[%clk 1:29:51]} 5. d3 {[%clk 1:30:18]} g6 {[%clk 1:25:26]} 6. O-O {[%clk
1:29:44]} Bg7 {[%clk 1:25:50]} 7. Nc3 {[%clk 1:29:01]} Bg4 {[%clk 1:23:58]} 8. h3
{[%clk 1:28:08]} Bxf3 {[%clk 1:24:23]} 9. Qxf3 {[%clk 1:28:33]} Nd7 {[%clk
1:24:43]} 10. Qe2 {[%clk 1:27:36]} e5 {[%clk 1:19:15]} 11. Be3 {[%clk 1:22:40]}
Qe7 {[%clk 1:16:24]} 12. Qd2 {[%clk 1:21:31]} Nf8 {[%clk 1:12:35]} 13. Bh6 {[%clk
1:19:50]} Bxh6 {[%clk 1:12:42]} 14. Qxh6 {[%clk 1:20:13]} Ne6 {[%clk 1:13:10]}
15. Ne2 {[%clk 1:19:38]} O-O-O {[%clk 1:09:51]} 16. f4 {[%clk 1:07:59]} c4 {[%clk
1:09:16]} 17. fxe5 {[%clk 0:53:52]} cxd3 {[%clk 1:05:27]} 18. cxd3 {[%clk
0:54:13]} Rxd3 {[%clk 1:05:50]} 19. Nf4 {[%clk 0:52:20]} Rd7 {[%clk 0:55:12]} 20.
Nxe6 {[%clk 0:50:32]} Qxe6 {[%clk 0:55:34]} 21. Qg7 {[%clk 0:49:14]} Re8 {[%clk
0:40:13]} 22. Qxh7 {[%clk 0:45:13]} Qxe5 {[%clk 0:29:44]} 23. Rxf7 {[%clk
0:43:34]} Qxb2 {[%clk 0:25:06]} 24. Rxd7 {[%clk 0:35:50]} Qxa1+ {[%clk 0:25:31]}
25. Kh2 {[%clk 0:36:13]} Qe5+ {[%clk 0:25:16]} 26. Kg1 {[%clk 0:33:43]} Qg3
{[%clk 0:14:06]} 27. Rxb7 {[%clk 0:28:30]} Qe3+ {[%clk 0:12:29]} 28. Kh1 {[%clk
0:25:56]} Qc1+ {[%clk 0:12:53]} 29. Kh2 {[%clk 0:26:21]} Qf4+ {[%clk 0:13:19]}
1/2-1/2

[Event "Irena Warakomska Memorial A"]
[Site "Suwalki"]
[Date "2018.08.02"]
[Round "2"]
[White "Lewtak, Damian"]
[Black "Tarun V Kanth"]
[Result "1-0"]
[Board "25"]
[WhiteElo "2358"]
[WhiteCountry "POL"]
[WhiteFideId "1141724"]
[WhiteEloChange "3"]
[BlackElo "2086"]
[BlackCountry "IND"]
[BlackFideId "25012185"]
[BlackEloChange "-3"]

1. d4 {[%clk 1:30:50]} Nf6 {[%clk 1:30:46]} 2. Bf4 {[%clk 1:31:06]} c5 {[%clk
1:30:42]} 3. d5 {[%clk 1:31:10]} d6 {[%clk 1:30:04]} 4. Nc3 {[%clk 1:27:58]} g6
{[%clk 1:28:51]} 5. Nf3 {[%clk 1:26:04]} Bg7 {[%clk 1:28:50]} 6. g3 {[%clk
1:20:00]} a6 {[%clk 1:24:30]} 7. a4 {[%clk 1:13:38]} O-O {[%clk 1:20:44]} 8. Bg2
{[%clk 1:13:24]} Nh5 {[%clk 1:19:28]} 9. Be3 {[%clk 1:10:15]} e5 {[%clk 1:00:56]}
10. dxe6 {[%clk 1:08:52]} fxe6 {[%clk 1:00:23]} 11. Ne4 {[%clk 1:02:56]} d5
{[%clk 0:35:46]} 12. Nxc5 {[%clk 1:01:59]} Bxb2 {[%clk 0:35:37]} 13. Rb1 {[%clk
1:00:55]} Bc3+ {[%clk 0:29:46]} 14. Bd2 {[%clk 0:59:54]} Bxd2+ {[%clk 0:30:06]}
15. Qxd2 {[%clk 1:00:18]} Qc7 {[%clk 0:28:16]} 16. Qb4 {[%clk 0:53:40]} b5 {[%clk
0:22:32]} 17. Nd4 {[%clk 0:35:03]} Ng7 {[%clk 0:16:00]} 18. O-O {[%clk 0:29:56]}
Nc6 {[%clk 0:08:43]} 19. Nxc6 {[%clk 0:29:52]} Qxc6 {[%clk 0:09:10]} 20. axb5
{[%clk 0:29:47]} axb5 {[%clk 0:09:10]} 21. Qxb5 {[%clk 0:30:08]} Qxb5 {[%clk
0:09:13]} 22. Rxb5 {[%clk 0:30:29]} Ba6 {[%clk 0:09:40]} 23. Nxa6 {[%clk
0:29:05]} Rxa6 {[%clk 0:10:09]} 24. Rc5 {[%clk 0:29:27]} Ra4 {[%clk 0:07:50]} 25.
e4 {[%clk 0:26:30]} dxe4 {[%clk 0:08:09]} 26. Re1 {[%clk 0:26:54]} e3 {[%clk
0:03:20]} 27. Rxe3 {[%clk 0:24:13]} Ra1+ {[%clk 0:02:55]} 28. Bf1 {[%clk
0:24:36]} Nf5 {[%clk 0:02:56]} 29. Re4 {[%clk 0:22:34]} Rd1 {[%clk 0:00:55]} 30.
c3 {[%clk 0:17:47]} Rb8 {[%clk 0:00:09]} 31. Kg2 {[%clk 0:16:43]} Rb2 {[%clk
0:01:15]} 32. Bc4 {[%clk 0:14:52]} Rdd2 {[%clk 0:01:19]} 33. Bxe6+ {[%clk
0:09:03]} Kg7 {[%clk 0:01:11]} 34. Rxf5 {[%clk 0:08:47]} gxf5 {[%clk 0:01:26]}
35. Rf4 {[%clk 0:09:11]} Rbc2 {[%clk 0:00:51]} 36. c4 {[%clk 0:08:22]} Rd6 {[%clk
0:00:41]} 37. Bxf5 {[%clk 0:08:23]} Rc3 {[%clk 0:00:47]} 38. Rg4+ {[%clk
0:08:21]} Kf6 {[%clk 0:00:32]} 39. Bxh7 {[%clk 0:08:10]} Rd2 {[%clk 0:00:47]} 40.
h4 {[%clk 0:37:05]} Ra3 {[%clk 0:30:49]} 41. Bg8 {[%clk 0:36:29]} Raa2 {[%clk
0:29:36]} 42. Rf4+ {[%clk 0:35:50]} Kg7 {[%clk 0:29:36]} 43. Bd5 {[%clk 0:36:13]}
Ra1 {[%clk 0:30:09]} 44. g4 {[%clk 0:34:16]} Rdd1 {[%clk 0:30:18]} 45. g5 {[%clk
0:32:42]} Rh1 {[%clk 0:30:05]} 46. Kf3 {[%clk 0:31:30]} Rhg1 {[%clk 0:30:03]} 47.
Ke4 {[%clk 0:30:52]} Rae1+ {[%clk 0:30:06]} 48. Kd4 {[%clk 0:30:11]} Re8 {[%clk
0:30:10]} 49. Kc5 {[%clk 0:29:40]} Rc8+ {[%clk 0:30:29]} 50. Kd6 {[%clk 0:29:36]}
Rc1 {[%clk 0:29:59]} 51. h5 {[%clk 0:29:01]} Rd8+ {[%clk 0:30:07]} 52. Ke7 {[%clk
0:29:24]} Rc8 {[%clk 0:30:08]} 53. Rf7+ {[%clk 0:29:10]} Kh8 {[%clk 0:30:37]} 54.
g6 {[%clk 0:27:38]} Rc7+ {[%clk 0:30:56]} 55. Kd6 {[%clk 0:28:00]} Rxf7 {[%clk
0:30:23]} 56. gxf7 {[%clk 0:28:22]} Kg7 {[%clk 0:30:43]} 57. h6+ {[%clk 0:28:45]}
Kf8 {[%clk 0:30:54]} 58. h7 {[%clk 0:29:06]} 1-0

[Event "Irena Warakomska Memorial A"]
[Site "Suwalki"]
[Date "2018.08.02"]
[Round "2"]
[White "Punin, Andrii"]
[Black "Harshini A"]
[Result "1/2-1/2"]
[Board "26"]
[WhiteElo "2296"]
[WhiteTitle "FM"]
[WhiteCountry "UKR"]
[WhiteFideId "14112639"]
[WhiteEloChange "-6"]
[BlackElo "2037"]
[BlackTitle "WFM"]
[BlackCountry "IND"]
[BlackFideId "25008986"]
[BlackEloChange "6"]

1. Nf3 {[%clk 1:30:56]} Nf6 {[%clk 1:30:55]} 2. c4 {[%clk 1:31:21]} g6 {[%clk
1:31:12]} 3. Nc3 {[%clk 1:31:44]} d5 {[%clk 1:31:22]} 4. cxd5 {[%clk 1:32:06]}
Nxd5 {[%clk 1:31:47]} 5. e4 {[%clk 1:32:30]} Nb6 {[%clk 1:30:52]} 6. d4 {[%clk
1:32:10]} Bg7 {[%clk 1:31:18]} 7. h3 {[%clk 1:31:44]} O-O {[%clk 1:31:29]} 8. Be2
{[%clk 1:31:01]} c6 {[%clk 1:30:40]} 9. O-O {[%clk 1:31:12]} Be6 {[%clk 1:30:11]}
10. Bf4 {[%clk 1:24:51]} Bc4 {[%clk 1:28:15]} 11. Bxc4 {[%clk 1:24:57]} Nxc4
{[%clk 1:28:41]} 12. Qe2 {[%clk 1:23:42]} Nb6 {[%clk 1:26:43]} 13. Rfd1 {[%clk
1:22:07]} Na6 {[%clk 1:26:20]} 14. Rac1 {[%clk 1:21:37]} e6 {[%clk 1:23:55]} 15.
h4 {[%clk 1:17:18]} h6 {[%clk 1:20:33]} 16. b3 {[%clk 1:16:12]} Qe7 {[%clk
1:19:57]} 17. Bg3 {[%clk 1:08:05]} f6 {[%clk 1:09:17]} 18. e5 {[%clk 1:02:48]} f5
{[%clk 1:09:25]} 19. Bf4 {[%clk 1:03:01]} Nc7 {[%clk 1:07:28]} 20. g3 {[%clk
1:02:25]} Ncd5 {[%clk 1:06:43]} 21. Nxd5 {[%clk 1:02:43]} Nxd5 {[%clk 1:07:06]}
22. Bd2 {[%clk 0:58:38]} Qf7 {[%clk 1:04:12]} 23. Kg2 {[%clk 0:55:28]} f4 {[%clk
1:03:21]} 24. g4 {[%clk 0:55:31]} Rad8 {[%clk 1:02:56]} 25. Qe4 {[%clk 0:53:35]}
Rd7 {[%clk 1:01:25]} 26. a4 {[%clk 0:50:49]} Rfd8 {[%clk 0:56:09]} 27. b4 {[%clk
0:50:42]} a6 {[%clk 0:55:29]} 28. Ra1 {[%clk 0:48:02]} Bf8 {[%clk 0:54:42]} 29.
Rdb1 {[%clk 0:46:13]} Be7 {[%clk 0:52:18]} 30. Rb3 {[%clk 0:46:08]} Kg7 {[%clk
0:48:37]} 31. Rh1 {[%clk 0:45:07]} Qf8 {[%clk 0:34:05]} 32. Qb1 {[%clk 0:34:47]}
Qf7 {[%clk 0:30:32]} 33. Qe4 {[%clk 0:25:44]} Qf8 {[%clk 0:29:07]} 34. Rhb1
{[%clk 0:25:03]} Qf7 {[%clk 0:28:18]} 35. Kh3 {[%clk 0:21:14]} Rh8 {[%clk
0:26:01]} 36. Rg1 {[%clk 0:19:38]} h5 {[%clk 0:12:18]} 37. g5 {[%clk 0:18:10]}
Rf8 {[%clk 0:12:10]} 38. Kg2 {[%clk 0:17:30]} Qf5 {[%clk 0:10:50]} 39. Qxf5
{[%clk 0:16:54]} Rxf5 {[%clk 0:11:13]} 40. Rc1 {[%clk 0:46:10]} Rf8 {[%clk
0:36:07]} 41. Kf1 {[%clk 0:44:54]} Bd8 {[%clk 0:32:04]} 42. Ke2 {[%clk 0:44:36]}
Ne7 {[%clk 0:28:12]} 43. Kd3 {[%clk 0:42:44]} Bb6 {[%clk 0:23:41]} 44. Ke4 {[%clk
0:41:23]} Rfd8 {[%clk 0:19:14]} 45. Rd3 {[%clk 0:40:56]} Nd5 {[%clk 0:18:48]} 46.
Rb1 {[%clk 0:38:13]} Rf8 {[%clk 0:15:25]} 47. Ne1 {[%clk 0:35:24]} Ne7 {[%clk
0:12:20]} 48. b5 {[%clk 0:28:25]} cxb5 {[%clk 0:11:18]} 49. axb5 {[%clk 0:28:48]}
a5 {[%clk 0:10:52]} 50. Ra1 {[%clk 0:29:02]} Rfd8 {[%clk 0:10:05]} 51. Nf3 {[%clk
0:27:34]} Rd5 {[%clk 0:08:37]} 52. Bxa5 {[%clk 0:26:27]} Rxb5 {[%clk 0:06:48]}
53. Bxb6 {[%clk 0:26:38]} Rxb6 {[%clk 0:07:16]} 54. Kxf4 {[%clk 0:26:35]} Rf8+
{[%clk 0:07:45]} 55. Kg3 {[%clk 0:25:33]} Nf5+ {[%clk 0:06:40]} 56. Kg2 {[%clk
0:24:40]} Rb4 {[%clk 0:04:39]} 57. Rc1 {[%clk 0:20:40]} Rf7 {[%clk 0:04:57]} 58.
d5 {[%clk 0:19:30]} exd5 {[%clk 0:04:14]} 59. Rxd5 {[%clk 0:17:53]} Rg4+ {[%clk
0:04:29]} 60. Kf1 {[%clk 0:16:36]} Nxh4 {[%clk 0:04:08]} 61. Nd4 {[%clk 0:12:25]}
Nf3 {[%clk 0:02:36]} 62. Nxf3 {[%clk 0:12:20]} Rxf3 {[%clk 0:03:04]} 63. e6
{[%clk 0:09:52]} Re4 {[%clk 0:02:26]} 64. Rc7+ {[%clk 0:09:34]} Kg8 {[%clk
0:02:43]} 65. e7 {[%clk 0:08:17]} Kf7 {[%clk 0:02:15]} 66. Rdd7 {[%clk 0:07:02]}
Rb3 {[%clk 0:01:29]} 67. e8Q+ {[%clk 0:05:56]} Kxe8 {[%clk 0:01:55]} 68. Rg7
{[%clk 0:06:13]} Kd8 {[%clk 0:02:22]} 69. Rgd7+ {[%clk 0:06:20]} Ke8 {[%clk
0:02:39]} 70. Rg7 {[%clk 0:06:45]} Kd8 {[%clk 0:03:05]} 71. Rgd7+ {[%clk
0:07:06]} 1/2-1/2

[Event "Irena Warakomska Memorial A"]
[Site "Suwalki"]
[Date "2018.08.02"]
[Round "2"]
[White "Socko, Monika"]
[Black "Godzwon, Iwo"]
[Result "1/2-1/2"]
[Board "30"]
[WhiteElo "2464"]
[WhiteTitle "GM"]
[WhiteCountry "POL"]
[WhiteFideId "1106619"]
[WhiteEloChange "-3"]
[BlackElo "2218"]
[BlackCountry "POL"]
[BlackFideId "21802483"]
[BlackEloChange "6"]

1. e4 {[%clk 1:30:58]} c5 {[%clk 1:30:57]} 2. Nf3 {[%clk 1:31:24]} d6 {[%clk
1:31:24]} 3. d4 {[%clk 1:31:49]} cxd4 {[%clk 1:31:51]} 4. Nxd4 {[%clk 1:32:16]}
Nf6 {[%clk 1:32:18]} 5. Nc3 {[%clk 1:32:34]} g6 {[%clk 1:32:45]} 6. Be3 {[%clk
1:32:52]} Bg7 {[%clk 1:33:11]} 7. f3 {[%clk 1:33:16]} Nc6 {[%clk 1:33:39]} 8. Qd2
{[%clk 1:33:15]} O-O {[%clk 1:34:04]} 9. O-O-O {[%clk 1:33:17]} d5 {[%clk
1:33:56]} 10. Kb1 {[%clk 1:33:39]} Qd7 {[%clk 1:34:20]} 11. Nxc6 {[%clk 1:18:55]}
bxc6 {[%clk 1:34:44]} 12. exd5 {[%clk 1:19:06]} Rb8 {[%clk 1:34:25]} 13. b3
{[%clk 1:13:34]} cxd5 {[%clk 1:33:19]} 14. Bd4 {[%clk 1:02:37]} Qc6 {[%clk
1:11:29]} 15. g4 {[%clk 0:57:33]} e6 {[%clk 0:59:02]} 16. h4 {[%clk 0:54:09]} Rb4
{[%clk 0:52:44]} 17. Ne2 {[%clk 0:52:34]} a5 {[%clk 0:50:19]} 18. Qc3 {[%clk
0:43:14]} Qxc3 {[%clk 0:48:13]} 19. Bxc3 {[%clk 0:43:40]} Rb5 {[%clk 0:48:37]}
20. Nf4 {[%clk 0:39:03]} Rc5 {[%clk 0:46:34]} 21. Bd4 {[%clk 0:38:49]} Rc6 {[%clk
0:46:52]} 22. Bb5 {[%clk 0:29:57]} Rc7 {[%clk 0:47:17]} 23. a4 {[%clk 0:30:12]}
Bd7 {[%clk 0:46:55]} 24. g5 {[%clk 0:23:23]} Nh5 {[%clk 0:46:25]} 25. Nxh5 {[%clk
0:18:50]} gxh5 {[%clk 0:43:46]} 26. Bxg7 {[%clk 0:17:16]} Kxg7 {[%clk 0:43:59]}
27. Be2 {[%clk 0:17:35]} Rfc8 {[%clk 0:41:05]} 28. Rd2 {[%clk 0:17:59]} Rb8
{[%clk 0:33:11]} 29. Rd4 {[%clk 0:17:48]} Rcb7 {[%clk 0:33:38]} 30. Rhd1 {[%clk
0:16:09]} Rb4 {[%clk 0:31:49]} 31. Kc1 {[%clk 0:16:31]} h6 {[%clk 0:30:14]} 32.
f4 {[%clk 0:11:33]} hxg5 {[%clk 0:30:10]} 33. fxg5 {[%clk 0:11:57]} Kg6 {[%clk
0:30:36]} 34. Bd3+ {[%clk 0:10:49]} Kg7 {[%clk 0:30:33]} 35. Be2 {[%clk 0:10:36]}
Kg6 {[%clk 0:31:02]} 36. Bd3+ {[%clk 0:10:42]} Kg7 {[%clk 0:24:30]} 37. Be2
{[%clk 0:09:55]} Kg6 {[%clk 0:24:55]} 1/2-1/2

[Event "Irena Warakomska Memorial A"]
[Site "Suwalki"]
[Date "2018.08.02"]
[Round "2"]
[White "Zielinski, Wojciech"]
[Black "Gumularz, Szymon"]
[Result "1/2-1/2"]
[Board "31"]
[WhiteElo "2169"]
[WhiteCountry "POL"]
[WhiteFideId "1139568"]
[WhiteEloChange "7"]
[BlackElo "2461"]
[BlackTitle "IM"]
[BlackCountry "POL"]
[BlackFideId "1188062"]
[BlackEloChange "-3"]

1. b3 {[%clk 1:30:55]} d5 {[%clk 1:29:01]} 2. Nf3 {[%clk 1:31:12]} Bf5 {[%clk
1:27:57]} 3. Bb2 {[%clk 1:31:25]} e6 {[%clk 1:28:21]} 4. e3 {[%clk 1:31:21]} Nf6
{[%clk 1:28:41]} 5. Be2 {[%clk 1:30:50]} h6 {[%clk 1:27:52]} 6. c4 {[%clk
1:30:46]} Nbd7 {[%clk 1:27:58]} 7. O-O {[%clk 1:30:22]} Bd6 {[%clk 1:26:42]} 8.
Qc1 {[%clk 1:21:59]} c6 {[%clk 1:20:10]} 9. Ba3 {[%clk 1:17:35]} Qe7 {[%clk
1:18:13]} 10. Bxd6 {[%clk 1:12:00]} Qxd6 {[%clk 1:18:38]} 11. Qa3 {[%clk
1:11:50]} Qxa3 {[%clk 1:13:58]} 12. Nxa3 {[%clk 1:12:14]} a5 {[%clk 1:14:10]} 13.
Rac1 {[%clk 1:08:03]} Ke7 {[%clk 1:13:36]} 14. d4 {[%clk 1:04:12]} Ne4 {[%clk
1:11:12]} 15. Nb1 {[%clk 1:02:10]} g5 {[%clk 1:04:46]} 16. Rfd1 {[%clk 0:57:14]}
h5 {[%clk 0:59:48]} 17. Nc3 {[%clk 0:50:42]} Nxc3 {[%clk 0:52:11]} 18. Rxc3
{[%clk 0:51:06]} Bg4 {[%clk 0:41:01]} 19. Kf1 {[%clk 0:47:25]} Bxf3 {[%clk
0:36:05]} 20. Bxf3 {[%clk 0:45:53]} g4 {[%clk 0:35:38]} 21. Be2 {[%clk 0:46:12]}
Nf6 {[%clk 0:33:30]} 22. Bd3 {[%clk 0:43:03]} h4 {[%clk 0:32:32]} 23. a3 {[%clk
0:30:02]} Kd6 {[%clk 0:29:47]} 24. Re1 {[%clk 0:26:40]} Rh5 {[%clk 0:28:19]} 25.
e4 {[%clk 0:25:25]} dxe4 {[%clk 0:24:44]} 26. Bxe4 {[%clk 0:25:48]} Rd8 {[%clk
0:22:16]} 27. Bc2 {[%clk 0:21:22]} Ke7 {[%clk 0:21:20]} 28. Rd1 {[%clk 0:20:23]}
b5 {[%clk 0:18:35]} 29. cxb5 {[%clk 0:14:11]} cxb5 {[%clk 0:18:34]} 30. b4 {[%clk
0:13:59]} axb4 {[%clk 0:16:38]} 31. axb4 {[%clk 0:14:24]} Rhd5 {[%clk 0:16:42]}
32. Rc5 {[%clk 0:12:07]} Rxd4 {[%clk 0:15:58]} 33. Rxd4 {[%clk 0:12:31]} Rxd4
{[%clk 0:16:23]} 34. Rxb5 {[%clk 0:12:56]} Nd5 {[%clk 0:13:25]} 35. Bb3 {[%clk
0:05:02]} Rxb4 {[%clk 0:05:14]} 36. Rxb4 {[%clk 0:05:26]} Nxb4 {[%clk 0:05:43]}
37. Bd1 {[%clk 0:05:47]} f5 {[%clk 0:05:56]} 38. g3 {[%clk 0:04:44]} h3 {[%clk
0:03:51]} 39. f3 {[%clk 0:03:29]} gxf3 {[%clk 0:01:37]} 40. Bxf3 {[%clk 0:33:55]}
Kf6 {[%clk 0:31:43]} 41. Be2 {[%clk 0:31:48]} Nd5 {[%clk 0:26:24]} 42. Kf2 {[%clk
0:29:07]} Nc3 {[%clk 0:25:53]} 43. Bf1 {[%clk 0:24:17]} Ne4+ {[%clk 0:26:18]} 44.
Ke3 {[%clk 0:24:14]} Ng5 {[%clk 0:26:12]} 45. Kf4 {[%clk 0:22:39]} e5+ {[%clk
0:24:08]} 46. Ke3 {[%clk 0:23:04]} Ke6 {[%clk 0:24:22]} 47. Bc4+ {[%clk 0:23:01]}
Kd6 {[%clk 0:24:28]} 48. Bd3 {[%clk 0:18:25]} e4 {[%clk 0:21:56]} 49. Bf1 {[%clk
0:14:31]} Ke5 {[%clk 0:22:19]} 50. Be2 {[%clk 0:14:58]} Nf7 {[%clk 0:21:22]} 51.
Bf1 {[%clk 0:12:59]} Nh6 {[%clk 0:21:23]} 52. Bxh3 {[%clk 0:13:05]} Ng4+ {[%clk
0:21:46]} 53. Ke2 {[%clk 0:12:38]} Nxh2 {[%clk 0:22:12]} 54. Ke3 {[%clk 0:10:04]}
Ng4+ {[%clk 0:20:54]} 55. Ke2 {[%clk 0:10:29]} Nf6 {[%clk 0:21:18]} 56. Kf2
{[%clk 0:10:02]} Nh5 {[%clk 0:16:09]} 57. Bf1 {[%clk 0:09:11]} Kd4 {[%clk
0:16:33]} 58. Be2 {[%clk 0:06:33]} Nf6 {[%clk 0:16:03]} 59. Ba6 {[%clk 0:05:42]}
Kc3 {[%clk 0:14:05]} 60. Ke3 {[%clk 0:05:10]} Nd5+ {[%clk 0:13:12]} 61. Ke2
{[%clk 0:04:59]} Nb6 {[%clk 0:13:11]} 62. Ke3 {[%clk 0:04:48]} Nd5+ {[%clk
0:12:14]} 63. Ke2 {[%clk 0:05:03]} Kd4 {[%clk 0:12:40]} 64. Bc8 {[%clk 0:05:06]}
Nc3+ {[%clk 0:11:36]} 65. Ke1 {[%clk 0:05:02]} Ke5 {[%clk 0:12:00]} 66. Kd2
{[%clk 0:04:39]} Nd5 {[%clk 0:12:10]} 67. Ke2 {[%clk 0:05:03]} Ne7 {[%clk
0:12:25]} 68. Bd7 {[%clk 0:05:16]} Ng8 {[%clk 0:12:43]} 69. Ke3 {[%clk 0:04:32]}
Nf6 {[%clk 0:13:04]} 70. Bc8 {[%clk 0:04:54]} Nd5+ {[%clk 0:12:45]} 71. Ke2
{[%clk 0:05:15]} Nc7 {[%clk 0:13:08]} 72. Ke3 {[%clk 0:05:17]} Ne8 {[%clk
0:13:31]} 73. Ke2 {[%clk 0:05:04]} Nd6 {[%clk 0:13:47]} 74. Bd7 {[%clk 0:05:28]}
Kf6 {[%clk 0:14:16]} 75. Ke3 {[%clk 0:04:31]} Kg5 {[%clk 0:14:41]} 76. Be6 {[%clk
0:04:10]} Kg4 {[%clk 0:14:47]} 77. Bd7 {[%clk 0:02:25]} Nf7 {[%clk 0:14:05]} 78.
Be6 {[%clk 0:02:21]} Ng5 {[%clk 0:14:00]} 79. Bc8 {[%clk 0:02:22]} Nh7 {[%clk
0:14:05]} 80. Bd7 {[%clk 0:01:21]} Nf6 {[%clk 0:13:08]} 81. Bc8 {[%clk 0:01:46]}
Nd5+ {[%clk 0:13:24]} 82. Kf2 {[%clk 0:01:58]} e3+ {[%clk 0:09:40]} 83. Ke2
{[%clk 0:02:00]} Ne7 {[%clk 0:10:06]} 84. Bb7 {[%clk 0:01:26]} Kxg3 {[%clk
0:10:29]} 85. Kxe3 {[%clk 0:01:50]} f4+ {[%clk 0:10:56]} 86. Ke2 {[%clk 0:02:15]}
Nf5 {[%clk 0:11:15]} 1/2-1/2